000 00949nam0a22002771 4500
001 rc\786541
005 20250622132500.0
035 _a(NLR Aleph) 006312075
090 _a7362355
_c7362355
100 _a20040301d1984 |||y0rusy50 ca
101 0 _arus
102 _aRU
105 _aa |||||||||
200 1 _aКомпозиции Андреа Палладио
_eВопр. пропорциональности
210 _aЛ.
_cИзд-во ЛГУ
_d1984
215 _a120 с., 4 л. ил.
_cил.
_d22
300 _aВ надзаг.: Ленингр. гос. ун-т им. А.А. Жданова
320 _aБиблиогр.: с. 119
600 1 _aПалладио
_bА.
_f1508 - 1580
_gАндреа
_92262834
_3RU\NLR\AUTH\661356654
700 1 _aГурьев
_bО.И.
_f1912-1986
_gОлег Иванович
801 0 _aRU
_bNLR
_gpsbo
801 1 _aRU
_bELAR
_2rusmarc
852 _aNLR
_j84-5/6903
942 _cBOOK
980 _aNB